All Countries To Bid For a FIFA World Cup - Statistics

General Stats
  • This quiz has been taken 134 times
    70 since last reset
  • The average score is 31 of 37
Answer Stats
# Bid Country # Selected % Correct
6 Spain 2
98%
6 Argentina 2
97%
5 England 1
97%
3 France 2
97%
5 Italy 2
97%
4 United States 2
97%
2 Chile 1
95%
3 Japan 1
95%
5 Mexico 3
95%
2 Russia 1
95%
2 South Korea 1
95%
8 (West) Germany 2
95%
2 Australia 0
93%
2 Canada 1
93%
1 Portugal 1
93%
2 South Africa 1
93%
4 Brazil 2
91%
2 Switzerland 1
91%
4 Colombia 1 (withdrew)
90%
6 Morocco 1
88%
1 Qatar 1
88%
3 Sweden 1
86%
2 Uruguay 2
86%
1 Egypt 0
84%
3 Netherlands 0
84%
1 Belgium 0
83%
1 Saudi Arabia 1
83%
1 Peru 0
81%
1 Austria 0
78%
1 Greece 0
78%
1 Paraguay 1
72%
1 Hungary 0
69%
1 Yugoslavia 0
66%
1 Iran 0
48%
1 Nigeria 0
48%
1 Tunisia 0
36%
1 Libya 0
24%
No matching quizzes found
Score Distribution
Percent of People with Each Score
Percentile by Number Answered
Your Score History
You have not taken this quiz since the last reset